| 000 | 00588nam a2200241 a 4500 | ||
|---|---|---|---|
| 001 | nice12345678 | ||
| 003 | IN_TiNIC | ||
| 005 | 20260116013852.0 | ||
| 008 | 050524s1969 luca grp 000 0 per | ||
| 020 |
_a _c25 |
||
| 082 | 0 | 0 |
_a891.51 _bOMA |
| 100 | _aOmar, Khayyam | ||
| 245 | _aMajmoaa Rubaiyat Omar Khayyam. | ||
| 260 |
_aLucknow _bMunshi Tejkumar Press _c1969 |
||
| 300 | _a104p | ||
| 500 | _aincludes index and biblioraphy | ||
| 505 | 2 | _aScripture Index. | |
| 650 | _aPersian Poetry | ||
| 700 | 1 | _aOmar, Khayyam | |
| 902 | _bSRS | ||
| 942 | _cBK | ||
| 999 |
_c12877 _d12877 |
||